| 000 | 00000nam##2200000za#4500 |
| 001 | 9.569672 |
| 003 | CaOODSP |
| 005 | 20210624181859 |
| 007 | cr ||||||||||| |
| 008 | 150406|1993||||xxc|||||o f|0| 0 eng|d |
| 040 | |aCaOODSP|beng |
| 043 | |an-cn--- |
| 086 | 1 |aNH18-1/150-1993E-PDF |
| 110 | 2 |aCanada Mortgage and Housing Corporation. |
| 245 | 10|aCommunity development, quality of life and fear of crime in ten public housing communities in Canada : |h[electronic resource]|bfinal report / |cprepared by The Federation of Canadian Municipalities. |
| 260 | |aOttawa - Ontario : |bCanada Mortgage and Housing Corporation |c1993. |
| 300 | |a85p. |
| 490 | 1 |aResearch report |
| 590 | |a12-29-Supp|b2012-06-25 |
| 775 | 08|tDéveloppement communautaire qualité de la vie et peur du crime dans dix collectivités de logement public au Canada : |w(CaOODSP)9.600689 |
| 830 | #0|aResearch report (Canada Mortgage and Housing Corporation : Online)|w(CaOODSP)9.506068 |
| 856 | 40|ahttp://publications.gc.ca|qPDF|s2 MB|uhttps://publications.gc.ca/collections/collection_2011/schl-cmhc/nh18-1/NH18-1-150-1993-eng.pdf |